| 000 | 00768nam a2200253 a 4500 | ||
|---|---|---|---|
| 001 | 50961 | ||
| 003 | BD-RjUL | ||
| 005 | 20211209075606.0 | ||
| 008 | 160829s1959 nyua 000 0 eng | ||
| 035 | _a(BD-RjUL)51081 | ||
| 035 | _a(OCoLC)4703184 | ||
| 040 |
_aDLC _cTxLT _dDLC _beng |
||
| 041 | _aeng | ||
| 082 |
_a428.3 _bBRB 1959 |
||
| 100 | 1 |
_aBrown, James I. _q(James Isaac), _d1908-2002. _9152508 |
|
| 245 | 1 | 0 |
_aBuilding a better vocabulary / _cJames I. Brown and Rachel Salisbury. |
| 260 |
_aNew York : _bRonald Press Co., _c1959 |
||
| 300 |
_a124 p. : _bill. ; _c28 cm. |
||
| 504 | _aIncludes bibliographies. | ||
| 650 | 0 |
_aVocabulary. _9152509 |
|
| 700 | 1 |
_aSalisbury, Rachel, _d1895-1977, _ejt. author. _9152510 |
|
| 942 |
_2ddc _cBK |
||
| 999 |
_c50961 _d50961 |
||